000 00495nam a2200169Ia 4500
003 GCL
008 140319s9999 xx 000 0 eng d
040 _aGCL /
_cGCL
082 0 4 _a658.4038
_bS A
100 1 _aSALDARINI, ROBERT A.
245 1 0 _aANALYSIS AND DESIGN OF BUSINESS INFORMATION SYSTEMS /
_cSALDARINI, ROBERT A.
260 _a[S.N] :
_bMACMILLAN PUBLBISHING COMPANY ،
_c1989
300 _a657
650 0 4 _aBUSINESS
650 0 4 _aMANAGEMENT - INFORMATION SYSTEM
942 _2ddc
_cBK
999 _c16658
_d16658